<?xml version="1.0" encoding="UTF-8"?>
<record
    xmlns:xsi="http://www.w3.org/2001/XMLSchema-instance"
    xsi:schemaLocation="http://www.loc.gov/MARC21/slim http://www.loc.gov/standards/marcxml/schema/MARC21slim.xsd"
    xmlns="http://www.loc.gov/MARC21/slim">

  <leader>01211nam a22001577a 4500</leader>
  <controlfield tag="003">OSt</controlfield>
  <controlfield tag="005">20231226094816.0</controlfield>
  <controlfield tag="008">231226s2007    ag ||||| |||| 00| 0 spa d</controlfield>
  <datafield tag="040" ind1=" " ind2=" ">
    <subfield code="c">besoc</subfield>
  </datafield>
  <datafield tag="100" ind1=" " ind2=" ">
    <subfield code="a">Kenyon, Sherrilyn</subfield>
    <subfield code="e">autor</subfield>
  </datafield>
  <datafield tag="245" ind1=" " ind2=" ">
    <subfield code="a">Actitud Provocadora</subfield>
    <subfield code="b">Serie Agente Secretos 1</subfield>
    <subfield code="c">Sherrilyn Kenyon</subfield>
  </datafield>
  <datafield tag="260" ind1=" " ind2=" ">
    <subfield code="a">Barcelona</subfield>
    <subfield code="b">Libros del Atril</subfield>
    <subfield code="c">2007</subfield>
  </datafield>
  <datafield tag="300" ind1=" " ind2=" ">
    <subfield code="a">299 p.</subfield>
  </datafield>
  <datafield tag="520" ind1=" " ind2=" ">
    <subfield code="a">La agente Sydney Westbrook debe encontrar al asesino perfecto para realizar una misi&#xF3;n de contraterrorismo. J.D. Stelle, un agente de las fuerzas especiales americanas cuya actitud contestataria lo oblig&#xF3; a permanecer en prisi&#xF3;n durante una temporada parece el candidato ideal. Aunque Sydney ha estudiado a conciencia el curr&#xED;culum de Steele, lo que sabe sobre el atractivo agente es m&#xE1;s bien poco; los dos pertenecen al mundo secreto de los esp&#xED;as y cualquier informaci&#xF3;n de m&#xE1;s puede poner en peligro la vida y la misi&#xF3;n del agente. Por ello Sydney tarda en descubrir que tras la fachada altiva y arrogante de Steele se esconde un hombre que ni siquiera &#xE9;l reconoce y que, contra todo pron&#xF3;stico, estar&#xE1; dispuesto a arriesgar su vida por salvar la de la &#xFA;nica mujer a la que ha amado. 
</subfield>
  </datafield>
  <datafield tag="942" ind1=" " ind2=" ">
    <subfield code="2">udc</subfield>
    <subfield code="c">LPD</subfield>
    <subfield code="n">0</subfield>
  </datafield>
  <datafield tag="999" ind1=" " ind2=" ">
    <subfield code="c">170</subfield>
    <subfield code="d">170</subfield>
  </datafield>
</record>
